000 02017cam a22003254a 4500
999 _c65875
_d65849
001 13988534
003 OSt
005 20190329091135.0
008 050601s2005 paua b 000 0 eng
010 _a 2005015872
020 _a1561484571 (pbk.)
040 _aDLC
_cDLC
_dDLC
042 _apcc
050 0 0 _aTR147
_b.Z44 2005
082 0 0 _a770
_222
100 _aZehr, Howard
_948860
245 1 4 _aThe little book of contemplative photography :
_bseeing with wonder, respect, and humility /
_cHoward Zehr.
260 _aIntercourse, PA :
_bGood Books,
_c2005.
300 _a82 p. :
_bill. ;
_c21 cm.
440 0 _aLittle books of justice & peacebuilding
_948861
504 _aIncludes bibliographical references.
505 0 _aGetting started -- Why this little book? -- About this book -- Equipment and knowledge -- Journaling -- Exercise: "tuning up" our eyes -- Exercise: I see/feel/think -- Changing our lens -- Exercise: photograph without viewfinder -- Exercise: receiving an image -- Practicing moodfulness -- Hindrances to receptivity -- Exercise: exploring the ordinary -- Exercise: break the rules -- An attitude of wonder -- Exercise: exploring abstraction -- Exercise: finding mystery in the familiar -- Seeing the light -- Characteristics of light -- Exercise: playing with light -- Exercise: meditating with light -- Exploring metaphor -- Exercise: finding metaphors -- Exercise: exploring your metaphors -- Making meaning -- Exercise: where is the energy? -- Exercise: disciplined seeing -- With respect and humility -- Exercise: taking stock.
650 0 _aPhotography
_xSocial aspects.
_948862
650 0 _aSelf-culture.
_948863
650 0 _aMeditation
_xStudy and teaching.
_948864
856 4 1 _3Table of contents
_uhttp://www.loc.gov/catdir/toc/ecip0514/2005015872.html
906 _a7
_bcbc
_corignew
_d1
_eecip
_f20
_gy-gencatlg
942 _2lcc
_cBK